A Study of Stock Market Volatility With Reference to Maruti Suzuki Ltd, State Bank of India, Reliance Power Ltd. (Record no. 69059)

MARC details
000 -LEADER
fixed length control field 00481nam a2200145Ia 4500
008 - FIXED-LENGTH DATA ELEMENTS--GENERAL INFORMATION
fixed length control field 221007s9999 xx 000 0 und d
041 ## - LANGUAGE CODE
Language code of text/sound track or separate title eng
082 ## - DEWEY DECIMAL CLASSIFICATION NUMBER
Item number BHA
100 ## - MAIN ENTRY--PERSONAL NAME
Personal name Bhandare Poonam K. - 2K111138 & Prof. Ranjana Gogte - Guide
9 (RLIN) 101904
245 ## - TITLE STATEMENT
Title A Study of Stock Market Volatility With Reference to Maruti Suzuki Ltd, State Bank of India, Reliance Power Ltd.
260 ## - PUBLICATION, DISTRIBUTION, ETC. (IMPRINT)
Date of publication, distribution, etc. 2013
Name of publisher, distributor, etc. Pune University
Place of publication, distribution, etc. Pune
300 ## - PHYSICAL DESCRIPTION
Extent 62p
520 ## - SUMMARY, ETC.
Summary, etc. Gogate Ranjana
906 ## - LOCAL DATA ELEMENT F, LDF (RLIN)
b General
Holdings
Withdrawn status Lost status Damaged status Not for loan Home library Current library Date acquired Vendor Total Checkouts Full call number Barcode Date last seen Bill Date Koha item type Original Barcode
        Smt. Hiraben Nanavati Institute of Management & Research for Women Smt. Hiraben Nanavati Institute of Management & Research for Women 22/07/2013 HNIMR   BHA HIMR-PR-483 07/10/2022 22/07/2013 Project Reports PR0483